Hawksmoor : an exhibition selected by Kerry Downes, [held at] Whitechapel Art Gallery, 23 March-1 May 1977 /

Сохранить в:
Библиографические подробности
Главный автор: Downes, Kerry
Соавтор: Whitechapel Art Gallery
Другие авторы: Hawksmoor, Nicholas, 1661-1736
Формат:
Язык:English
Опубликовано: London : The Gallery, 1977.
Предметы:
LEADER 01101nam a2200277 i 4500
001 c000043125
003 CARM
005 00000000000000.0
008 780306s1977 enka c 00010 eng
015 |a GB77-18903 
019 1 |a 1152491  |z 44359059  |5 LACONCORD2021 
020 |c L.1.15 
035 |a (OCoLC)3751204  |5 LACONCORD2021 
050 0 0 |a NA997.H3  |b D63 
100 1 |a Downes, Kerry. 
245 1 0 |a Hawksmoor :  |b an exhibition selected by Kerry Downes, [held at] Whitechapel Art Gallery, 23 March-1 May 1977 /  |c [catalogue compiled by Kerry Downes]. 
260 |a London :  |b The Gallery,  |c 1977. 
300 |a 32 p. :  |b ill. ;  |c 22 cm. 
600 1 0 |a Hawksmoor, Nicholas,  |d 1661-1736  |x Exhibitions. 
650 0 |a Architecture, Baroque  |z England  |x Exhibitions. 
700 1 |a Hawksmoor, Nicholas,  |d 1661-1736. 
710 2 0 |a Whitechapel Art Gallery. 
852 8 |b CARM  |h A2:AE22F0  |i C00655  |p 0038998  |f BK 
082 0 4 |a 720/.92/4 
999 f f |i 6af5f429-0195-5ebf-ae68-a8f0a861361e  |s 117ff16d-225b-56f5-980a-3b73a54f2447 
952 f f |p Can circulate  |a CAVAL  |b CAVAL  |c CAVAL  |d CARM 1 Store  |e C00655  |f A2:AE22F0  |h Other scheme  |i book  |m 0038998